| 000 | 00945cam a2200169 4500 | ||
|---|---|---|---|
| 001 | WB3805-13 | ||
| 008 | 020205n2002 000 0 eng u | ||
| 035 | _a(Sirsi) u116603 | ||
| 245 | _aImproving workplace safety standards | ||
| 260 | _c2002 | ||
| 490 |
_aTUC Press Release _v 30 January 2002, (6) |
||
| 520 | _aThe TUC has joined forces with the Campaign for Corporate Accountability to launch, on the 30 January 2002, a campaign to improve safety standards in the workplace. Amongst proposals are legally binding safety duties upon individual company directors, a new law on corporate killing, a substantial increase in the number of health and safety inspectors, and higher fines and more innovative penalties for breaches of health and safety law. Centre for Corporate Accountability Website http://www.corporateaccountability.org | ||
| 590 | _aWB | ||
| 650 | _aWORKPLACE ACCIDENTS | ||
| 690 |
_aHealth and safety _96244 |
||
| 942 | _n0 | ||
| 999 |
_c69430 _d69430 |
||